000
00263nam a2200109Ia 4500
008
220622s9999 xx 000 0 und d
020
_a
978-0702188671
082
_a
NF,362.1068 MULL
100
_a
MULLER,M,E
_9
138588
245
0
_a
HEALTHCARE SERVICE
942
_c
BK
_w
561
_x
John Tresidder
_y
561
_z
John Tresidder
999
_c
669557
_d
669556